An introduction to landscape (Record no. 231828)
[ view plain ]
| 000 -LEADER | |
|---|---|
| fixed length control field | 01604nam a2200409 a 4500 |
| 082 04 - DEWEY DECIMAL CLASSIFICATION NUMBER | |
| Classification number | 304.2 |
| 100 1# - MAIN ENTRY--AUTHOR NAME | |
| Personal name | Howard, Peter, |
| 245 13 - TITLE STATEMENT | |
| Title | An introduction to landscape |
| 260 ## - PUBLICATION, DISTRIBUTION, ETC. (IMPRINT) | |
| Place of publication | Farnham, Surrey, England ; |
| -- | Burlington, Vt. : |
| Name of publisher | Ashgate, |
| Year of publication | c2011. |
| 300 ## - PHYSICAL DESCRIPTION | |
| Number of Pages | xii, 309 p. |
| 505 0# - FORMATTED CONTENTS NOTE | |
| Formatted contents note | pt. 1. What is landscape? -- pt. 2. How is landscape perceived? -- pt. 3. What is the future?. |
| 650 #0 - SUBJECT ADDED ENTRY--TOPICAL TERM | |
| Topical Term | Landscape assessment. |
| Topical Term | Landscapes |
| Topical Term | Landscape protection. |
| Topical Term | Cultural property |
| Topical Term | Environmental management. |
| Topical Term | Human geography. |
| Topical Term | Nature (Aesthetics) |
| Topical Term | National characteristics. |
| 856 40 - ELECTRONIC LOCATION AND ACCESS | |
| Uniform Resource Identifier | http://site.ebrary.com/lib/rucke/Doc?id=10497485 |
No items available.
